| 000 | 00699nam a22001813i 4500 | ||
|---|---|---|---|
| 003 | BD-RjUL | ||
| 005 | 20220927104105.0 | ||
| 008 | 201214s1996 ii ||| | urd d | ||
| 035 | _a(BD-RjUL) | ||
| 040 |
_aUkOxU _beng _erda _cUkOxU |
||
| 041 | _aurd | ||
| 082 |
_223 _a909.09767 |
||
| 245 | 0 | 0 |
_aعالم اسلام کی اخلاقی صورت حال # # ʻĀlam-i Islām kī aḵẖlāqī ṣūrat-i ḥāl / _cاسرار عالم. # # Asrār ʻĀlam. |
| 264 | 1 |
_aنئی دہلی : Naʼī Dihlī : _bQāẓī Pablisharz ainḍ Ḍisṭrībiyūṭarz, قاضی پبلشرز اينڈ ڈسٹري بيوٹرز، _c1996. |
|
| 300 |
_a455 pages ; _c23 cm |
||
| 650 | _aIslam | ||
| 942 |
_2ddc _cBK |
||
| 999 |
_c80443 _d80443 |
||